|
|
|
|
| LEADER |
00000nam0a2200000 4500 |
| 001 |
294879 |
| 005 |
20231102000741.0 |
| 010 |
|
|
|a 5873172218
|
| 035 |
|
|
|a (RuTPU)RU\TPU\book\319954
|
| 090 |
|
|
|a 294879
|
| 100 |
|
|
|a 20150519d2005 km y0rusy50 ca
|
| 101 |
1 |
|
|a rus
|c eng
|
| 102 |
|
|
|a RU
|
| 105 |
|
|
|a y z 000zy
|
| 200 |
1 |
|
|a Хрупкий баланс. Четыре столетия борьбы за господство в Европе
|f Л. Дехийо
|
| 210 |
|
|
|a Москва
|c Товарищество научных изданий КМК
|d 2005
|
| 215 |
|
|
|a 314 с.
|
| 225 |
1 |
|
|a Мир. Хаос. Порядок
|
| 330 |
|
|
|a Немецкий историк Людвиг Дехийо анализирует борьбу последних четырхсот лет — от Карла V Габсбурга до Гитлера — за господство в Европе. В центре работы — несколько попыток государств континентальной Европы (Испании, Франции, Германии) создать континентальную империю и сопротивление им со стороны Нидерландов, а затем Великобритании, чьи интересы объективно совпадали с сохранением в Европе «системы государств». Автор прослеживает логику борьбы морских (островных) и континентальных (полуостровных) держав за господство в Европе, роль в этой борьбе Османской империи в XVI-XVII вв. и особенно России в XVIII-XX.Книга рассчитана не только на специалистов, но и на широкий круг читателей, интересующихся историей и геополитикой.
|
| 606 |
1 |
|
|a Международные отношения в Европе
|x История
|2 stltpush
|3 (RuTPU)RU\TPU\subj\67594
|9 83318
|
| 610 |
1 |
|
|a Европа
|
| 610 |
1 |
|
|a 17 век
|
| 610 |
1 |
|
|a 18 век
|
| 610 |
1 |
|
|a 19 век
|
| 610 |
1 |
|
|a 20 век
|
| 610 |
1 |
|
|a европейские государства
|
| 610 |
1 |
|
|a войны
|
| 686 |
|
|
|a Т3(4)
|v LBC/SL-A
|2 rubbk
|
| 700 |
|
1 |
|a Дехийо
|b Л.
|g Людвиг
|
| 801 |
|
1 |
|a RU
|b 63413507
|c 20150519
|
| 801 |
|
2 |
|a RU
|b 63413507
|c 20150522
|g RCR
|
| 942 |
|
|
|c BK
|